Richest countries in the world - 2023 - Statistics

General Stats
  • This quiz has been taken 93 times
    57 since last reset
  • The average score is 42 of 50
Answer Stats
Hint Answer % Correct
$19,374T China
100%
$3,159T United Kingdom
100%
$2,923T France
97%
$4,309T Germany
97%
$2,063T Russia
97%
$26,855T USA
97%
$2,090T Canada
94%
$4,410T Japan
94%
$624B Belgium
91%
$3,737T India
91%
$1,663T Mexico
91%
$1,492T Spain
91%
$1,029T Turkey
91%
$1,708T Australia
88%
$2,170T Italy
88%
$1,081T Netherlands
88%
$268B Portugal
88%
$1,062T Saudi Arabia
88%
$1,722T South Korea
88%
$599B Sweden
88%
$2,081T Brazil
85%
$335B Colombia
85%
$406B Denmark
85%
$1,392T Indonesia
85%
$870B Switzerland
85%
$499B United Arab Emirates
85%
$641B Argentina
82%
$387B Egypt
82%
$594B Ireland
82%
$554B Norway
82%
$749B Poland
82%
$349B Romania
82%
$368B Iran
79%
$399B South Africa
79%
$574B Thailand
79%
$515B Austria
76%
$302B Finland
76%
$539B Israel
76%
$449B Vietnam
76%
$359B Chile
74%
$378 Pakistan
74%
$268B Peru
74%
$507B Nigeria
71%
$441B Philippines
71%
$791B Taiwan
71%
$330B Czech Republic
68%
$447B Malaysia
68%
$268B Iraq
65%
$516B Singapore
65%
$421B Bangladesh
59%
No matching quizzes found
Score Distribution
Percent of People with Each Score
Percentile by Number Answered
Your Score History
You have not taken this quiz since the last reset